Piosenki AC/DC - nagła śmierć - Statystyki

Ogólne statystyki
  • Ten quiz został rozwiązany 16 razy
  • Średni wynik to 10 z 20
Answers on the Grid
Answers color-coded by a green-red scale on the quiz's grid according to % correct below.
Highway To Hell
Thunderstruck
Back In Black
You Shook Me All Night Long
T.N.T.
Hells Bells
Girls Got Rhythm
Walk All Over You
Whole Lotta Rosie
Shoot To Thrill
Have A Drink On Me
Dirty Deeds Done Dirt Cheap
If You Want Blood (You've Got It)
Rock N Roll Train
High Voltage
Let There Be Rock
Touch Too Much
What Do You Do For Money Honey
Moneytalks
Who Made Who
Immigrant Song
Livin' On A Prayer
Smells Like Teen Spirit
Welcome To The Jungle
Hot For Teacher
The Final Countdown
Sweet Child O' Mine
Rock You Like A Hurricane
Dream On
Iron Man
 
Statystyki odpowiedzi
Odpowiedź % Poprawnych
Back In Black
87%
Highway To Hell
87%
Thunderstruck
87%
Hells Bells
73%
T.N.T.
73%
Shoot To Thrill
67%
Moneytalks
60%
You Shook Me All Night Long
60%
Dirty Deeds Done Dirt Cheap
47%
Rock N Roll Train
47%
Girls Got Rhythm
40%
Have A Drink On Me
40%
High Voltage
40%
Touch Too Much
40%
If You Want Blood (You've Got It)
33%
Whole Lotta Rosie
33%
Let There Be Rock
27%
Walk All Over You
27%
What Do You Do For Money Honey
27%
Who Made Who
27%
Nie znaleziono quizów pasujących do podanych kryteriów
Rozkład punktacji
Procent ludzi z każdym wynikiem
Percentyl według liczby udzielonych odpowiedzi
Twoja historia wyników
Nie rozwiązałeś tego quizu